مكتبة جامعة عجلون الوطنية

فهرس بحث المكتبة

Normal view MARC view
  • ريزو.ف،جوزيف مؤلف/زابل.هـ،روبرت م.مشارك/الشخص،عبد العزيز السيد مترجم/السرطاوي،زيدان أحمد مترجم

Entry Personal Name

Number of records used in: 1

001 - CONTROL NUMBER

  • control field: 22842

003 - CONTROL NUMBER IDENTIFIER

  • control field: JO-AjAnu

005 - DATE AND TIME OF LATEST TRANSACTION

  • control field: 20230606073933.0

008 - FIXED-LENGTH DATA ELEMENTS

  • fixed length control field: 230606|| aca||aabn | a|a d

040 ## - CATALOGING SOURCE

  • Original cataloging agency: JO-AjAnu
  • Transcribing agency: JO-AjAnu

100 ## - HEADING--PERSONAL NAME

  • Personal name: ريزو.ف،جوزيف مؤلف/زابل.هـ،روبرت م.مشارك/الشخص،عبد العزيز السيد مترجم/السرطاوي،زيدان أحمد مترجم

670 ## - SOURCE DATA FOUND

  • Source citation: Work cat.: (JO-AjAnu)11741: ريزو.ف،جوزيف مؤلف/زابل.هـ،روبرت م.مشارك/الشخص،عبد العزيز السيد مترجم/السرطاوي،زيدان أحمد مترجم, author, تربية الأطفال و المراهقين المضطربين سلوكيا (النظرية والتطبيق) الجزء الأول